| 000 | 00608nam a22002057a 4500 | ||
|---|---|---|---|
| 999 |
_c1928 _d1928 |
||
| 001 | 14239 | ||
| 003 | BD-DhUAP | ||
| 005 | 20200218103936.0 | ||
| 008 | 200218s1998 bg ||||| |||| 001 0 eng d | ||
| 040 |
_aBD-DhUAP _bEng _cBD-DhUAP _dBD-DhUAP |
||
| 082 |
_223 _a347.5491077 BAS |
||
| 100 | _aBasu, S. D. | ||
| 245 |
_aThe specific relief act, 1963 : _bact no. 47 of 1963 / _cS. D. Basu. |
||
| 250 | _a1st ed. | ||
| 260 |
_aFaridabad : _bAllahabad law agency, _cc1998. |
||
| 300 |
_axii, 155 pages ; _c24 cm. |
||
| 500 | _aIncludes index. | ||
| 650 |
_aSpecific Relief Act, 1963. _zPakistan. |
||
| 942 |
_2ddc _cBK |
||